[Event "GEO-ch U20 Girls 2020"]
[Site "Tbilisi"]
[Date "2020.08.14"]
[Round "9.8"]
[White "Kirtadze, Anastasia"]
[Black "Koridze, Lile"]
[Result "0-1"]
[WhiteElo "1679"]
[BlackElo "1996"]
[Annotator "TA"]
[PlyCount "70"]
[EventDate "2020.08.06"]
[EventType "tourn"]
[EventCountry "GEO"]
[SourceTitle "playchess.com"]
[Source "ChessBase"]
[SourceQuality "1"]

{[%evp 11,70,25,55,56,56,51,61,57,58,51,58,8,0,-98,-98,-172,-174,-158,-172,-287,-274,-686,-683,-760,-758,-833,-779,-868,-629,-902,-744,-1287,-1139,-1056,-957,-950,-949,-1035,-1023,-1007,-1008,-1027,-1022,-1012,-1002,-980,-975,-1170,-1266,-1256,-1249,-1216,-1212,-1408,-1388,-1368,-1369,-1335,-1300,-1224,-1222]} 1. e4 c5 2. Nf3 d6 3. d4 cxd4 4. Nxd4 Nf6 5. Nc3 a6 6. Bg5 e5 7. Nf5 {B94: Sicilian Najdorf: 6 Bg5 Nbd7.} Bxf5 8. exf5 Nbd7 9. Qf3 {White is slightly better.} Qc7 10. Bd3 Be7 {[#]} 11. h4 $146 ({Predecessor:} 11. g4 h6 12. Bxf6 Nxf6 13. O-O-O Rd8 14. Be2 b5 15. h4 b4 16. Nd5 Nxd5 17. Rxd5 {1-0 (28) Widelski,K (1880)-Ostrowski,R (2050) Suwalki 2017}) 11... Qc6 $1 {Hoping for ...d5.} 12. Qg3 {[#]} (12. O-O-O $11 {remains equal.}) 12... d5 $1 $17 13. O-O (13. Rd1 $17) 13... e4 $19 14. Be2 d4 15. Nd1 (15. Bxf6 $142 gxf6 16. Nxe4 Qxe4 {[%mdl 64] Double Attack} 17. Bd3) 15... Qxc2 16. Rc1 $2 {[#]} (16. Bg4) 16... Qxe2 {Black is clearly winning.} 17. Rc7 Qb5 18. Bd2 Qxf5 19. Rc4 O-O 20. b3 Ne5 21. Rc1 Bd6 22. Qg5 Qxg5 23. hxg5 Nd5 24. Nb2 e3 25. fxe3 dxe3 26. Ba5 Ba3 27. Rb1 Bxb2 28. Rxb2 b6 29. Rf5 Rfe8 30. Be1 Nd3 31. Rb1 N5f4 32. g3 Nxe1 33. Rxe1 Nd3 34. Re2 Nc1 35. Re1 e2 {White did not feel at home in the position after the opening. Accuracy: White = 26%, Black = 100%.} 0-1

[Event "GEO-ch U20 Girls 2020"]
[Site "Tbilisi"]
[Date "2020.08.14"]
[Round "9.8"]
[White "Kirtadze, Anastasia"]
[Black "Koridze, Lile"]
[Result "*"]
[WhiteElo "1679"]
[BlackElo "1996"]
[Annotator "TA"]
[PlyCount "33"]
[EventDate "2020.08.06"]
[EventType "tourn"]
[EventCountry "GEO"]
[SourceTitle "playchess.com"]
[Source "ChessBase"]
[SourceQuality "1"]

{[%evp 11,20,24,68,54,55,56,56,61,49,36,59]} 1. e4 c5 2. Nf3 d6 3. d4 cxd4 4. Nxd4 Nf6 5. Nc3 a6 6. Bg5 e5 7. Nf5 {White is slightly better. B94: Sicilian Najdorf: 6 Bg5 Nbd7.} Bxf5 8. exf5 Nbd7 9. Qf3 Qc7 10. Bd3 Be7 {[#] Black did not feel at home in the position after the opening.} {Predecessor:} 11. g4 $146 h6 12. Bxf6 Nxf6 13. O-O-O Rd8 14. Be2 b5 15. h4 b4 16. Nd5 Nxd5 17. Rxd5 {1-0 (28) Widelski,K (1880)-Ostrowski,R (2050) Suwalki 2017} *

[Event "GEO-ch U20 Girls 2020"]
[Site "Tbilisi"]
[Date "2020.08.14"]
[Round "9.9"]
[White "Oniani, Tamar"]
[Black "Pipia, Ekaterine"]
[Result "1-0"]
[WhiteElo "1569"]
[BlackElo "2071"]
[Annotator "TA"]
[PlyCount "113"]
[EventDate "2020.08.06"]
[EventType "tourn"]
[EventCountry "GEO"]
[SourceTitle "playchess.com"]
[Source "ChessBase"]
[SourceQuality "1"]

{[%evp 9,112,5,16,22,53,47,66,66,73,55,72,47,58,58,66,37,41,37,56,37,37,35,95,117,185,184,233,238,252,204,385,372,369,366,362,334,320,335,331,322,441,439,656,640,797,764,1839,911,903,883,850,839,1178,1168,1127,697,695,646,29977,29978,29978,29979,29978,29980,29979,29980,29981,29982,29987,29983,29983,29984,29984,29985,29985,29986,29986,29987,29987,29983,12818,0,29987,29987,29987,29987,29987,29988,29988,29989,29991,29992,29992,29993,29993,29994,29994,29994,29996,29997,29997,29998,29998,29999,29999]} 1. d4 Nf6 2. c4 e6 3. Nf3 d5 4. Nc3 Bb4 5. Bf4 O-O 6. e3 {D38: Queen's Gambit Declined: Ragozin Defence (4 Nf3 Bb4).} Ne4 7. Qc2 c6 8. Bd3 {White is slightly better.} f5 9. O-O Nd7 10. Ne5 {[#]} Be7 $146 ({Predecessor:} 10... Ndf6 11. f3 Nd6 12. Rad1 Nh5 13. Ne2 Bd7 14. c5 Nf7 15. Nxf7 Rxf7 16. Be5 Ba5 {1-0 (25) Harika,D (2461)-Otgonjargal,S (2142) Beijing 2008}) 11. f3 Nd6 12. cxd5 exd5 13. Rae1 Nf6 14. Bg3 g6 15. b4 {[%cal Bb2b4,Bb4b5][%mdl 32]} Nde8 (15... Nh5 $14) 16. b5 $16 {White stays focused until the end.} c5 (16... cxb5 $16 17. Nxb5 (17. Bxb5 Nd6 $16) 17... Be6) 17. dxc5 $1 $18 Bxc5 18. Nxd5 $1 Bd6 ({Not} 18... Qxd5 $2 19. Bc4 $18) 19. Nxf6+ Nxf6 $2 (19... Qxf6 20. Bc4+ Kg7) 20. Bc4+ Kg7 21. Rd1 Ne8 22. Nf7 Rxf7 23. Bxf7 Kxf7 24. Qd3 f4 25. Bxf4 Bf5 (25... Be6 $142 26. Bxd6 Qxd6 27. Qxd6 Nxd6 28. Rxd6 Rc8) 26. Qd5+ {[%mdl 64] Double Attack} Be6 27. Qxb7+ Kf6 {[#]} 28. Bxd6 (28. Rxd6 $142 $1 {[%mdl 512]} Nxd6 {[#]} 29. Be5+ $1 {[%mdl 512]} Kf5 30. e4+ Kxe5 31. Qg7+ Qf6 32. f4+ Kd4 33. Qxf6+ Kc5 34. Qe5+ Kc4 35. Rc1+ Kb4 36. Qxd6+ Kxb5 37. Qc6+ Kb4 38. Rb1+ Bb3 39. Rxb3+ Ka5 40. Qb5#) 28... Nxd6 {[#]} 29. Rxd6 $1 {[%mdl 512]} Qxd6 30. Qxa8 {[%mdl 4096] Endgame KQR-KQB} Bc4 31. Qh8+ Kg5 32. Qd4 Qxd4 33. exd4 Bxf1 34. Kxf1 {KP-KP} Kf5 35. Ke2 Ke6 36. a4 {[%cal Ba2a4,Ba4a5][%mdl 32]} Kd6 37. Kd3 Kd5 38. a5 g5 39. b6 axb6 40. axb6 Kc6 41. Ke4 Kxb6 42. Ke5 Kc6 43. Ke6 Kc7 44. Ke7 Kc6 45. Ke6 (45. h3 $18 Kd5 46. Kf6) 45... Kc7 46. g3 {White mates.} h6 47. h4 gxh4 48. gxh4 Kd8 49. f4 Ke8 50. f5 Kf8 51. f6 Ke8 52. d5 h5 53. d6 Kf8 54. d7 {[%cal Rd7d8]} Kg8 55. d8=Q+ Kh7 56. Qe7+ Kh8 57. Qg7# {Accuracy: White = 86%, Black = 70%.} 1-0

[Event "GEO-ch U20 Girls 2020"]
[Site "Tbilisi"]
[Date "2020.08.14"]
[Round "9.9"]
[White "Oniani, Tamar"]
[Black "Pipia, Ekaterine"]
[Result "*"]
[WhiteElo "1569"]
[BlackElo "2071"]
[Annotator "TA"]
[PlyCount "32"]
[EventDate "2020.08.06"]
[EventType "tourn"]
[EventCountry "GEO"]
[SourceTitle "playchess.com"]
[Source "ChessBase"]
[SourceQuality "1"]

{[%evp 9,19,8,18,12,55,48,58,66,70,58,90,45]} 1. d4 Nf6 2. c4 e6 3. Nf3 d5 4. Nc3 Bb4 5. Bf4 O-O 6. e3 {D38: Queen's Gambit Declined: Ragozin Defence (4 Nf3 Bb4).} Ne4 7. Qc2 c6 8. Bd3 f5 9. O-O Nd7 10. Ne5 {[#] Black got outplayed after the opening} {Predecessor:} Ndf6 $146 11. f3 Nd6 12. Rad1 Nh5 13. Ne2 Bd7 14. c5 Nf7 15. Nxf7 Rxf7 16. Be5 Ba5 {1-0 (25) Harika,D (2461)-Otgonjargal,S (2142) Beijing 2008} *

[Event "GEO-ch U20 Girls 2020"]
[Site "Tbilisi"]
[Date "2020.08.14"]
[Round "9.10"]
[White "Esadze, Tamari"]
[Black "Antia, Sopia"]
[Result "1-0"]
[WhiteElo "1882"]
[BlackElo "1653"]
[Annotator "NA RC"]
[PlyCount "54"]
[EventDate "2020.08.06"]
[EventType "tourn"]
[EventCountry "GEO"]
[SourceTitle "playchess.com"]
[Source "ChessBase"]
[SourceQuality "1"]
[TimeControl "40/5400+30:1800+30"]

{[%evp 8,53,32,16,21,36,27,14,80,29,112,123,124,117,108,68,336,130,32767,32767,32767,32767,32767,32767,32767,32767,32767,32767,32767,32767,32767,193,204,204,220,232,266,241,248,260,288,318,341,375,364,401,533,545]} 1. e4 {[%emt 0:00:00]} c5 {[%emt 0:00:00]} 2. Nf3 {[%emt 0:00:00]} e6 {[%emt 0:00:00]} 3. d4 {[%emt 0:00:00]} cxd4 {[%emt 0:00:00]} 4. Nxd4 {[%emt 0:00:00]} a6 {[%emt 0:00:00]} 5. c4 {[%emt 0:00:00]} Nf6 {[%emt 0:00:08]} 6. Nc3 {[%emt 0:00:00]} Bb4 {[%emt 0:00:03]} 7. Bd3 {[%emt 0:01:51]} O-O {[%emt 0:04:48] B41: Sicilian: Kan Variation: 5 c4.} (7... Qc7 $11) 8. O-O {[%emt 0:04:13]} (8. e5 $5 {[%cal Re5f6]} Ne8 9. Nf3 $14) 8... d5 {[%emt 0:01:06]} (8... Bxc3 $11 9. bxc3 e5) 9. cxd5 {[%emt 0:04:58]} exd5 {[%emt 0:00:42]} 10. e5 {[%emt 0:00:17]} Ng4 {[%emt 0:10:03] [#]} 11. e6 $146 {[%emt 0:12:41]} ({Predecessor:} 11. Nf3 Bxc3 12. bxc3 Nc6 13. h3 Ngxe5 14. Nxe5 Nxe5 15. Bxh7+ Kxh7 16. Qh5+ Kg8 17. Qxe5 {1-0 (66) Jopek,E (1927)-Klein,G (1803) Germany 2012}) 11... Qh4 $2 {[%emt 0:05:15] [#]} (11... Ne5 $14) 12. h3 {[%emt 0:10:29]} (12. Nf3 $1 $18 {is the precise move to win.} Qh5 {[#]} 13. Nxd5 $1 {[%mdl 512]}) 12... Bc5 {[%emt 0:28:12]} 13. Qxg4 {[%emt 0:08:42]} Qxg4 {[%emt 0:00:13]} 14. hxg4 {[%emt 0:00:02]} Bxd4 {[%emt 0:00:13]} 15. e7 {[%emt 0:00:03]} Re8 {[%emt 0:00:45]} 16. Nxd5 {[%emt 0:00:04]} Be5 {[%emt 0:02:13]} 17. Nb6 {[%emt 0:03:25]} Ra7 {[%emt 0:03:35]} 18. Be3 {[%emt 0:15:51]} Be6 {[%emt 0:00:06]} 19. Nd7 {[%emt 0:01:19]} Nxd7 {[%emt 0:04:17]} 20. Bxa7 {[%emt 0:00:04]} Rxe7 {[%emt 0:06:17]} 21. f4 {[%emt 0:03:11]} Bxb2 {[%emt 0:01:00]} 22. Rab1 {[%emt 0:00:16]} Ba3 {[%emt 0:02:31]} 23. Rxb7 {[%emt 0:00:39]} Bxg4 {[%emt 0:01:49]} 24. Bxa6 {[%emt 0:01:23]} Kf8 {[%emt 0:01:59]} 25. Bb5 {[%emt 0:01:32]} g6 {[%emt 0:00:26]} 26. Bd4 {[%emt 0:03:04]} Re4 {[%emt 0:05:56]} 27. Bxd7 $18 {[%emt 0:00:47]} Rxd4 {[%emt 0:01:55]} 1-0

[Event "GEO-ch U20 Girls 2020"]
[Site "Tbilisi"]
[Date "2020.08.14"]
[Round "9.11"]
[White "Tsetskhladze, Mariam"]
[Black "Tsotsonava, Elene"]
[Result "1-0"]
[WhiteElo "1397"]
[BlackElo "2012"]
[Annotator "TA"]
[PlyCount "106"]
[EventDate "2020.08.06"]
[EventType "tourn"]
[EventCountry "GEO"]
[SourceTitle "playchess.com"]
[Source "ChessBase"]
[SourceQuality "1"]

{[%evp 13,106,17,25,6,17,23,16,13,18,0,12,-47,-46,-30,-54,-54,-55,-47,-48,-30,-18,-37,-37,-29,52,52,129,133,138,122,132,135,213,193,442,425,398,369,613,608,505,491,473,350,360,356,379,340,581,564,684,654,735,364,363,359,397,333,343,247,343,342,337,319,323,312,333,316,361,345,368,349,423,291,400,0,418,376,385,381,304,290,414,391,328,272,414,381,971,936,1024,937,2460,2286,2046]} 1. e4 c5 2. Nf3 e6 3. b3 Nc6 4. Bb2 Qc7 5. Bb5 Nge7 6. O-O a6 7. Bxc6 Nxc6 8. c4 {B30: Sicilian: 2...Nc6 3 Bb5, lines without ...g6.} b6 9. d4 cxd4 10. Nxd4 {[#] The position is equal.} Bd6 $146 ({Predecessor:} 10... Bb7 11. Qe2 Bd6 12. h3 Ne7 13. Nf3 Ng6 14. Re1 O-O 15. Nc3 f5 16. Rad1 Bb4 17. exf5 Rxf5 {0-1 (26) Stefanatos,G (1545)-Kouskoutis,G (2001) Porto Rio 2014}) 11. h3 Bb7 12. Qg4 (12. Nc3 $11) 12... Be5 $15 13. Rd1 Nxd4 14. Bxd4 Bxd4 15. Rxd4 Qe5 16. Qd1 Bxe4 17. Nc3 Bc6 18. Qd2 f5 (18... O-O $11) 19. Re1 $36 {[%mdl 2048] White has the initiative.} Qf6 {Black is on the road to losing.} (19... Qa5 $1 $14) 20. Nd5 $1 $16 {[%cal Rd5f6]} Bxd5 21. Rxd5 Ra7 22. Rd6 b5 (22... Kf7 $16 23. Rxb6 (23. Rxd7+ Rxd7 24. Qxd7+ Qe7 $16) 23... Qe7) 23. c5 $18 {[#] Black must now prevent c6.} Qh6 $2 (23... O-O 24. Rxd7 Rxd7 25. Qxd7 Rd8 26. Qxe6+ Qxe6 27. Rxe6 Rd1+ 28. Kh2 Rd2) 24. Qd3 O-O 25. Rxd7 Raa8 $2 (25... Rxd7 26. Qxd7 Qf6 27. Rxe6 (27. Qxe6+ Qxe6 28. Rxe6 a5 $18) 27... Qb2) 26. Qd6 Rae8 27. Qxa6 f4 28. Rd6 f3 {Black wants to play ...fxg2.} 29. Rdxe6 Qg5 {[%csl Gf3][%cal Rg5g2] [#]} 30. g3 Ra8 $2 (30... Qh5 31. Rxe8 Rxe8 32. Rxe8+ Qxe8) 31. Qxb5 Qh5 32. h4 Qg4 33. Qc4 (33. Re8 $142 {Strongly threatening Rxa8.} Qf5 34. Rxa8 Rxa8 35. a4) 33... Qxc4 34. bxc4 Rxa2 {[%mdl 4096] Endgame KRR-KRR} 35. Re8 Ra5 36. Rxf8+ Kxf8 {KR-KR} 37. Re3 Rxc5 38. Rxf3+ Ke7 39. Rf4 Ke6 40. Kg2 Rc7 41. Kf3 Kd6 42. Kg4 Kc5 43. Kf5 Re7 44. Kg4 $2 (44. Re4 $18 g6+ 45. Kf4 Rf7+ 46. Ke3) 44... Rd7 $2 {[%mdl 8192]} (44... Rc7 $1 $11) 45. Kf3 Rc7 46. g4 Ra7 47. Re4 Ra3+ (47... Kd6 {might work better.} 48. h5 Rb7) 48. Kg2 Kd6 49. f4 Rb3 (49... g6 {keeps fighting.} 50. Rd4+ Ke6) 50. f5 h6 $2 (50... Ra3 51. c5+ Kd7 52. c6+ Kxc6) 51. Re6+ {White is clearly winning.} Kc5 52. Re7 Kxc4 53. Rxg7 Kd5 {Accuracy: White = 75%, Black = 42%.} 1-0

[Event "GEO-ch U20 Girls 2020"]
[Site "Tbilisi"]
[Date "2020.08.14"]
[Round "9.12"]
[White "Janiashvili, Mariami"]
[Black "Sichinava, Mariam"]
[Result "1/2-1/2"]
[WhiteElo "2012"]
[BlackElo "1479"]
[Annotator "TA"]
[PlyCount "83"]
[EventDate "2020.08.06"]
[EventType "tourn"]
[EventCountry "GEO"]
[SourceTitle "playchess.com"]
[Source "ChessBase"]
[SourceQuality "1"]

{[%evp 21,83,18,39,0,0,0,0,0,0,8,0,0,0,0,1,0,0,-17,-15,-48,-39,-42,-41,-49,20,20,19,23,46,29,30,34,37,37,29,35,38,31,21,20,8,12,24,27,39,33,56,32,50,50,50,51,52,52,52,51,52,45,47,45,45,31,65,26]} 1. d4 Nf6 2. c4 c5 3. d5 g6 4. Nf3 Bg7 5. Nc3 O-O 6. e4 e6 7. h3 exd5 8. cxd5 d6 9. Bd3 Re8 10. O-O b5 11. Nxb5 Nxe4 12. Qa4 {A70: Modern Benoni: 6 e4 g6 7 Nf3.} Bd7 13. Re1 {[#]} Nxf2 $146 ({Predecessor:} 13... Qb6 14. Rxe4 Rxe4 15. Qxe4 Bxb5 16. a4 Bd7 17. a5 Qd8 18. Bg5 f6 19. Bf4 Bf8 {1-0 (38) Jojua,D (2590)-Brankovic,D (2374) Ruma 2017}) 14. Rxe8+ $1 {The position is equal.} Qxe8 15. Kxf2 {[#] Threatens to win with Qa5.} a6 {[%cal Rd7b5]} 16. Nxd6 Bxa4 17. Nxe8 Bxe8 18. Be3 Bb5 19. Bc2 Nd7 20. Rb1 Bc4 21. b3 Bxd5 22. Rd1 Be6 ({Black should try} 22... Nf6 $15) 23. Ng5 $36 {[%mdl 2048] White has the initiative.} Nf8 24. Be4 ({Of course not} 24. Bxc5 Rc8 $17) 24... Rc8 25. Nxe6 Nxe6 26. Bb7 Rc7 27. Bxa6 Ra7 28. Rd6 Be5 $1 {[%cal Re5d6]} 29. Rc6 Nc7 30. Be2 Rxa2 31. Rxc5 Bd6 32. Rc6 Be5 33. Kf3 {White is slightly better.} Ne6 34. b4 {[%cal Bb3b4,Bb4b5][%mdl 32] Hoping for Bc4.} Rb2 35. b5 Nd4+ 36. Bxd4 $1 Bxd4 $14 {[%mdl 4096] Endgame KRB-KRB} 37. Bc4 Bg1 38. g4 Kg7 39. Rc7 Rf2+ 40. Ke4 Rf6 41. Kd5 h5 42. Ke4 {Accuracy: White = 87%, Black = 88%.} 1/2-1/2